000 00810nam a2200241Ia 4500
003 OSt
005 20231016101451.0
008 210716s2014 xx 000 0 und d
020 _a9788182747739
040 _cAIMIT LIBRARY
041 _aeng
082 _a374.22
_21
_bCIGB
100 _aCignacco, Bruno R.
_9138023
245 _aHow to manifest money effortlessly :
_btechniques to be more prosperous /
_cBy Bruno R Cignacco.
250 _a1st ed.
260 _aNew Delhi :
_c2014.
_bManjul Publishing House ,
300 _axv,236p. ;
_bPB
_c21.5 cm.
650 _aGeneral Knowledge
_9138024
651 _aGeneral aspects of money and its manifestation
_9138025
651 _aStrategies to manifest more money
_9138026
651 _aGenerosity attitude
_9138027
942 _2ddc
_cBK
_e1st ed.
_k374.22 CIGB
999 _c208737
_d208737